[Event "Vilnius Elite op"]
[Site "Vilnius"]
[Date "2023.07.08"]
[Round "6"]
[White "Gimenez Menchon, Cesar"]
[Black "Zajakins, Artjoms"]
[Result "1-0"]
[WhiteElo "2171"]
[BlackElo "1897"]
[PlyCount "143"]
[EventDate "2023.07.05"]
[EventType "swiss"]
[EventRounds "8"]
[EventCountry "LTU"]
[SourceTitle "CBM 215 Extra"]
[Source "ChessBase"]
[SourceDate "2023.09.30"]
[SourceVersion "1"]
[SourceVersionDate "2023.09.30"]
[SourceQuality "1"]

1. e4 e6 2. d4 d5 3. Bd3 dxe4 4. Bxe4 Nf6 5. Bf3 c5 6. Ne2 cxd4 7. Qxd4 Qxd4 8. Nxd4 a6 9. 0-0 Be7 10. Nd2 0-0 11. Nc4 Nbd7 12. Re1 h6 13. a4 Nh7 14. g3 Bf6 15. Nb3 e5 16. Nd6 Rb8 17. Na5 Nc5 18. Be3 Ne6 19. h4 Nd4 20. Be4 Bd8 21. Nac4 Bc7 22. Bxd4 exd4 23. Rad1 b5 24. axb5 axb5 25. Nxc8 Rfxc8 26. Nd2 Rd8 27. Bxh7+ Kxh7 28. Re7 Rbc8 29. Rxf7 Be5 30. Nf3 Bf6 31. Rd2 Rc5 32. Rb7 Rcd5 33. Kg2 Kg6 34. Rd3 Rc5 35. Ne1 Re8 36. Kf1 Ra8 37. Ke2 Ra2 38. Rb3 d3+ 39. Nxd3 Rxc2+ 40. Kd1 Rc4 41. R7xb5 Ra1+ 42. Ke2 Rc2+ 43. Ke3 Rb1 44. h5+ Kf7 45. Rb7+ Ke6 46. R3b6+ Kf5 47. f3 Bg5+ 48. f4 Bf6 49. Nf2 Bd4+ 50. Kxd4 Rxf2 51. Rf7+ Kg4 52. Rxg7+ Kf3 53. Rb3+ Kg2 54. Ke5 Rfxb2 55. Rxb2+ Rxb2 56. g4 Kf3 57. f5 Rb5+ 58. Kf6 Kf4 59. Rg6 Rb7 60. Ke6 Rb6+ 61. Kf7 Rb7+ 62. Kg8 Ke5 63. Rxh6 Rb8+ 64. Kg7 Rb7+ 65. Kg6 Rb6+ 66. Kg5 Rb8 67. Re6+ Kd5 68. h6 Rg8+ 69. Kh5 Rh8 70. g5 Rf8 71. Kg4 Rh8 72. Re1 1-0

[Event "Vilnius Elite op"]
[Site "Vilnius"]
[Date "2023.07.07"]
[Round "4"]
[White "Zajakins, Artjoms"]
[Black "Nainys, Zanas1111"]
[Result "1/2-1/2"]
[WhiteElo "1897"]
[BlackElo "1850"]
[PlyCount "68"]
[EventDate "2023.07.05"]
[EventType "swiss"]
[EventRounds "8"]
[EventCountry "LTU"]
[SourceTitle "CBM 215 Extra"]
[Source "ChessBase"]
[SourceDate "2023.09.30"]
[SourceVersion "1"]
[SourceVersionDate "2023.09.30"]
[SourceQuality "1"]

1. c4 e5 2. Nc3 Nf6 3. Nf3 e4 4. Ng5 c6 5. Ngxe4 Nxe4 6. Nxe4 d5 7. cxd5 cxd5 8. Ng3 h5 9. e3 h4 10. Ne2 Bd6 11. b3 Qf6 12. Rb1 Bf5 13. Bb2 Qg6 14. Rc1 Nc6 15. Nd4 Be5 16. Nxf5 Bxb2 17. Rb1 Be5 18. Qf3 Qf6 19. Bb5 g6 20. Nd4 Bxd4 21. exd4 Qxf3 22. gxf3 Kd7 23. Bxc6+ bxc6 24. Ke2 Rh5 25. Rbc1 Re8+ 26. Kf1 Rg5 27. h3 Re6 28. Rc3 Rf6 29. Rg1 Rxg1+ 30. Kxg1 Rf4 31. Rd3 Rf5 32. Re3 Rf4 33. Rd3 Rf5 34. Re3 Rf4 1/2-1/2

[Event "Riga op"]
[Site "Riga"]
[Date "2020.08.24"]
[Round "1"]
[White "Zajakins, Artjoms"]
[Black "Tokranovs, Dmitrijs"]
[Result "0-1"]
[WhiteElo "1371"]
[BlackElo "2212"]
[PlyCount "84"]
[EventDate "2020.08.24"]
[EventType "swiss"]
[EventRounds "9"]
[EventCountry "LAT"]
[SourceTitle "CBM 198 Extra"]
[Source "ChessBase"]
[SourceDate "2020.11.30"]
[SourceVersion "1"]
[SourceVersionDate "2020.11.30"]
[SourceQuality "1"]

1. d4 Nf6 2. c4 c5 3. d5 b5 4. cxb5 a6 5. bxa6 d6 6. Nc3 Bxa6 7. e4 Bxf1 8. Kxf1 g6 9. g3 Bg7 10. Kg2 0-0 11. Nge2 Nbd7 12. a4 Ra6 13. Qc2 Qa8 14. Nb5 Rc8 15. Nec3 c4 16. Be3 Nc5 17. Bxc5 Rxc5 18. b3 cxb3 19. Qxb3 e6 20. Rad1 exd5 21. exd5 Rc8 22. Rhe1 Nd7 23. Ne4 Bf8 24. Qb2 Qb8 25. Rb1 Rxa4 26. Nbc3 Qxb2 27. Rxb2 Ra7 28. Nb5 Ra6 29. Rbe2 h6 30. g4 Rb6 31. Nd4 Ne5 32. h3 Nd3 33. Nf6+ Kg7 34. Ne8+ Kh8 35. Re3 Nxe1+ 36. Rxe1 Rbb8 37. Nf6 Bg7 38. Nc6 Bxf6 39. Nxb8 Rxb8 40. f4 Rb2+ 41. Kg3 Rd2 42. Re8+ Kg7 0-1